|
|
|
|
| LEADER |
00000nam a2200000 a 4500 |
| 001 |
vtls001456505 |
| 003 |
SK-MaSNL |
| 005 |
20260301104049.0 |
| 008 |
240801s2002 xo a gr 000 ayslo |
| 015 |
|
|
|a SNBA2004/02-02075
|
| 020 |
|
|
|a 8089065015
|
| 035 |
|
|
|a SNK000411812
|
| 035 |
|
|
|a urn:nbn:sk:snk-amyf28
|
| 035 |
|
|
|a urn:nbn:sk:snk-am00chnp
|
| 035 |
|
|
|a EECF0A35-6E80-4A69-ABB3-089D60D0F6D8
|
| 040 |
|
|
|a SNK
|b slo
|c SNK
|e AACR2
|
| 041 |
0 |
|
|a slo
|
| 044 |
|
|
|a xo
|c SK
|
| 072 |
|
7 |
|a 821.133.1-3
|x Francúzska próza, francúzsky písaná
|2 konspekt
|
| 072 |
|
7 |
|a 821-93
|2 konspekt
|
| 080 |
|
|
|a 821.133.1-34
|2 1981
|
| 080 |
|
|
|a 821-93
|2 1981
|
| 080 |
|
|
|a (0:82-34)
|2 1981
|
| 080 |
|
|
|a 821.133.1-93
|2 1997
|
| 080 |
|
|
|a 821.133.1-3(0.053.2)
|2 1997
|
| 100 |
1 |
|
|a Jost, Alain
|4 aut
|9 427630
|
| 240 |
1 |
0 |
|a Belles histoires au coin du feu
|l Slovensky
|
| 245 |
1 |
0 |
|a Najkrajšie príbehy spred kozuba
|c vyrozprávali: Alain Jost, Imelda Heuschenová, François Le Gloahecová ; ilustrovali: Valériane a José Luis Maciasovci, ... [et al.] ; [z francúzskeho originálu preložil Alexander Halvoník]
|
| 250 |
|
|
|a [1.] slov. vyd.
|
| 260 |
|
|
|a Bratislava
|b Viktoria Print
|c c2002
|
| 300 |
|
|
|a 125 s.
|b fareb. ilustr.
|c 30 cm
|
| 650 |
0 |
7 |
|a autorské rozprávky, francúzske
|2 SNK
|9 65456
|
| 650 |
0 |
7 |
|a literatúra pre deti a mládež
|2 SNK
|9 21893
|
| 655 |
|
7 |
|a umelecká literatúra
|2 SNK
|9 60405
|
| 655 |
|
7 |
|a francúzske rozprávky
|2 SNK
|9 70645
|
| 700 |
1 |
|
|a Heuschen, Imelda
|4 aut
|9 442198
|
| 700 |
1 |
|
|a Le Gloahec, François
|4 aut
|9 442199
|
| 700 |
1 |
|
|a Macias, Valériane
|4 ill
|9 442200
|
| 700 |
1 |
|
|a Macías, José Luis,
|d 1929-
|4 ill
|9 245579
|
| 700 |
1 |
|
|a Halvoník, Alexander,
|d 1945-
|4 trl
|9 103645
|
| 852 |
|
|
|a Slovenská národná knižnica
|
| 919 |
|
|
|a 80-89065-01-5
|
| 954 |
|
|
|a beletria cudzojazyčná (svetová)
|2 lita
|
| 958 |
|
|
|a UP
|
| 958 |
|
|
|a NS
|
| 958 |
|
|
|a LX
|
| 958 |
|
|
|a DB
|
| 968 |
|
|
|b FRE
|d 821
|
| 999 |
|
|
|c 697148
|d 699078
|
| 952 |
|
|
|t P60, <03>, [BOOK], {603}
|a SNK
|b SNK
|y PREZ
|7 0
|p 17A0389551
|o snkSB 66893
|i snkKSP 8200/2003
|0 0
|1 0
|4 0
|d 2003-07-11
|f 1
|l 0
|r 2025-04-23 00:00:00
|w 2026-02-23
|
| 952 |
|
|
|t P60, <04>, [BOOK], {604}
|a SNK
|b SNK
|y VYP
|7 0
|p 17A0389552
|o snkSB 66893 D1
|i snkKSP 8201/2003
|0 0
|1 0
|4 0
|d 2003-07-11
|l 0
|r 2005-01-02 00:00:00
|w 2026-02-23
|